Personnalités au hasard #75 - Statistiques

Statistiques générales
  • Ce quiz a été pris 139 fois
  • Le résultat moyen est 7 sur 32
Statistiques - réponses
Par images Réponse % Correct
Freddie Mercury
91%
Zac Efron
66%
Antoine Daniel
54%
Locklear
50%
Mister T.
42%
Orlando Bloom
42%
Adam Levine
41%
Kaatsup
37%
Grégoire Ludig
31%
Bernard Blier
28%
Michel Rocard
24%
Swann Périssé
24%
Carla Moreau
23%
Terry Crews
22%
Jean-Philippe Tanguy
19%
Jean-Claude Gaudin
18%
Antonio Banderas
17%
Aymeric Lompret
17%
Freddie Highmore
17%
Jean-Michel Jarre
13%
Bertrand Tavernier
9%
Ban Ki-moon
8%
Renaud Muselier
8%
Carl Weathers
7%
David Gilmour
7%
Guy Lagache
7%
Louis XII
6%
Cyril Dion
5%
Harry Baur
3%
Lou Ferrigno
3%
Paul Amar
3%
Raz
3%
Aucun quiz correspondant
Distribution des résultats
% des personnes avec chaque résultat
Percentile par nombre de réponses
Votre historique - résultats
Vous n’avez pas pris ce quiz